LEADER 03163nam 2200649Ia 450 001 9910449765003321 005 20200520144314.0 010 $a1-280-51510-4 010 $a9786610515103 010 $a1-84544-367-5 035 $a(CKB)1000000000004121 035 $a(EBL)289836 035 $a(OCoLC)61397187 035 $a(SSID)ssj0000465889 035 $a(PQKBManifestationID)11294857 035 $a(PQKBTitleCode)TC0000465889 035 $a(PQKBWorkID)10457299 035 $a(PQKB)10941833 035 $a(MiAaPQ)EBC289836 035 $a(Au-PeEL)EBL289836 035 $a(CaPaEBR)ebr10064564 035 $a(CaONFJC)MIL51510 035 $a(EXLCZ)991000000000004121 100 $a20041016d2004 my 0 101 0 $aeng 135 $aur|n|---||||| 181 $ctxt 182 $cc 183 $acr 200 00$aInternational marketing in the Asia-Pacific region$hPart 2 /$b[electronic resource] /$fguest editors, Paul Chao, Saeed Samiee and Leslie Sai-Chung Yip 210 $a[Bradford, England] $cEmerald Group Pub.$d2004 215 $a1 online resource (103 p.) 225 1 $aInternational marketing review ;$vv. 21, no. 3, 2004 300 $aDescription based upon print version of record. 311 $a0-86176-976-7 320 $aIncludes bibliographical references. 327 $aCONTENTS; EDITORIAL ADVISORY BOARD; Abstracts and keywords; French abstracts; Spanish abstracts; Guest editorial International marketing in the Asia-Pacific region; VIEWPOINT International marketing in Southeast Asia; Identifying export opportunities: the case of Thailand; China's entry to WTO: global marketing issues, impact, and implications for China; Marketing and e-commerce as tools of development in the Asia-Pacific region: a dual path; The marketing strategy-performance relationship in an export-driven developing economy 330 $aA decision support model is presented and discussed which aims at identifying realistic export opportunities for a given exporting country. The model consists of a screening process of four consecutive filters, through which relevant information on markets (such as country risk indicators, macroeconomic data, imports per product group, etc.) is fed, and which allows the identification and deletion of less interesting market opportunities. Results are reported of the application of this decision support model to the case of Thailand, adapted for an analysis of foreign trade data at the SITC fou 410 0$aInternational marketing review ;$vv. 21, no. 3, 2004. 606 $aExport marketing$zAsia 606 $aExport marketing$zChina 606 $aExport marketing$zThailand 608 $aElectronic books. 615 0$aExport marketing 615 0$aExport marketing 615 0$aExport marketing 676 $a330.972 701 $aChao$b Paul$f1919-$0914921 701 $aSamiee$b Saeed$0914922 701 $aYip$b Leslie Sai-Chung$0914923 801 0$bMiAaPQ 801 1$bMiAaPQ 801 2$bMiAaPQ 906 $aBOOK 912 $a9910449765003321 996 $aInternational marketing in the Asia-Pacific region$92050231 997 $aUNINA LEADER 01403nam a2200313 i 4500 001 991001362469707536 005 20020507124904.0 008 000112s1994 it ||| | ita 020 $a8814065292$c140000 035 $ab10210167-39ule_inst 035 $aLE02984524$9ExL 040 $aISUFI - Sett. Diritti e Politiche Euromediterranee$bita 082 0 $a348.027 110 2 $aItalia$0423419 245 10$aCodice della navigazione e relativi regolamenti :$bannotati con la giurisprudenza e con richiami di dottrina e di legislazione vigente :$bintegrati con le convenzioni internazionali in materia, gli usi nazionali e internazionali e le leggi straniere di uso comune /$c[a cura di] Giorgio Righetti 250 $a6. ed.con la collaborazione di Enrico Righetti e Raffaella Parodi 260 $aMilano :$bGiuffrè,$cc1994 300 $a2 v. ;$c20 cm 650 4$aCodice della navigazione$zItalia 650 4$aNavigazione$xLegislazione internazionale 700 1 $aParodi, Raffaella 700 1 $aRighetti, Enrico 700 1 $aRighetti, Giorgio 907 $a.b10210167$b02-04-14$c27-06-02 912 $a991001362469707536 945 $aLE029 348.027 RIG01.01$g1$iLE029-0131$lle029$o-$pE0.00$q-$rn$so $t0$u0$v0$w0$x0$y.i1025870x$z27-06-02 996 $aCodice della navigazione e relativi regolamenti$9191773 997 $aUNISALENTO 998 $ale029$b01-01-00$cm$da $e-$feng$git $h0$i1 LEADER 01223nam0 22003251i 450 001 VAN00017822 005 20250123094601.535 010 $a88-08-03326-0 100 $a20040615d1987 |0itac50 ba 101 $aita 102 $aIT 105 $a|||| ||||| 181 $ai$b e 182 $an 200 1 $aBiologia e comportamento$fAlberto Oliverio 205 $aEd. con introduzione di Storia della biologia del comportamento 210 $aBologna$cZanichelli$d1987 215 $aXXIV, 375 p.$cill.$d27 cm 606 $aBiopsicologia$3VANC008897$2FI 606 $aComportamento$3VANC007794$2FI 620 $dBologna$3VANL000003 676 $a612.8$cFisiologia umana. Sistema nervoso. Neurofisiologia. Psicofisiologia. Funzioni sensorie$v22 700 1$aOliverio$bAlberto$3VANV004909$010028 712 $aZanichelli $3VANV110843$4650 801 $aIT$bSOL$c20250124$gRICA 899 $aBIBLIOTECA DEL DIPARTIMENTO DI PSICOLOGIA$1IT-CE0119$2VAN16 912 $aVAN00017822 950 $aBIBLIOTECA DEL DIPARTIMENTO DI PSICOLOGIA$d16CONS 1526 $e16VS 1533 20040615 996 $aBiologia e comportamento$9760021 997 $aUNICAMPANIA